Capital of Austrian States - Statistics

General Stats
  • This quiz has been taken 51 times
  • The average score is 7 of 8
Answer Stats
State Capital % Correct
Salzburg Salzburg
100%
Tyrol Innsbruck
94%
Upper Austria Linz
94%
Styria Graz
91%
Carinthia Klagenfurt
76%
Vorarlberg Bregenz
74%
Burgenland Eisenstadt
65%
Lower Austria Sankt Pölten
62%
No matching quizzes found
Score Distribution
Percent of People with Each Score
Percentile by Number Answered
Your Score History
You have not taken this quiz